Insight on doing business with japanese : Some frank opinions expressed by 15 experienced American businessmen
Đã lưu trong:
| 格式: | 图书 |
|---|---|
| 语言: | Undetermined |
| 出版: |
Washington
United States-Japan Trade Council
|
| 主题: | |
| 标签: |
添加标签
没有标签, 成为第一个标记此记录!
|
| Thư viện lưu trữ: | Trung tâm Học liệu Trường Đại học Cần Thơ |
|---|
| LEADER | 00581nam a2200181Ia 4500 | ||
|---|---|---|---|
| 001 | CTU_97718 | ||
| 008 | 210402s9999 xx 000 0 und d | ||
| 082 | |a 303.4 | ||
| 082 | |b I.59 | ||
| 245 | 0 | |a Insight on doing business with japanese : | |
| 245 | 0 | |b Some frank opinions expressed by 15 experienced American businessmen | |
| 245 | 0 | |c United States-Japan Trade Council | |
| 260 | |a Washington | ||
| 260 | |b United States-Japan Trade Council | ||
| 650 | |a Relations | ||
| 650 | |z Japan,United states | ||
| 904 | |i Giang | ||
| 980 | |a Trung tâm Học liệu Trường Đại học Cần Thơ | ||